LEADER 05256oam 2200757I 450 001 9910457720603321 005 20200520144314.0 010 $a1-136-50453-2 010 $a0-203-14491-0 024 7 $a10.4324/9780203144916 035 $a(CKB)2550000000097223 035 $a(EBL)958786 035 $a(OCoLC)798530303 035 $a(SSID)ssj0000622689 035 $a(PQKBManifestationID)11385813 035 $a(PQKBTitleCode)TC0000622689 035 $a(PQKBWorkID)10642848 035 $a(PQKB)10278592 035 $a(MiAaPQ)EBC958786 035 $a(PPN)175008132 035 $a(Au-PeEL)EBL958786 035 $a(CaPaEBR)ebr10542479 035 $a(CaONFJC)MIL760820 035 $a(OCoLC)995471147 035 $a(EXLCZ)992550000000097223 100 $a20180706d2012 uy 0 101 0 $aeng 135 $aur|n|---||||| 181 $ctxt 182 $cc 183 $acr 200 10$aCommunity resilience and environmental transitions /$fGeoff A. Wilson 210 1$aLondon ;$aNew York :$cRoutledge,$d2012. 215 $a1 online resource (263 p.) 300 $aDescription based upon print version of record. 311 $a0-415-82793-0 311 $a1-84971-151-8 320 $aIncludes bibliographic references and index. 327 $aFront Cover; Community Resilience and Environmental Transitions; Copyright Page; Contents; List of figures, tables and boxes; Acknowledgements; List of Abbreviations; 1. Introduction; 1.1 Resilience, transition theory, and economic, social and environmental capital; 1.2 Aim of the book: understanding environmental and societal transitions at community level; 1.3 Community resilience and anthropogenic and natural disturbances; 1.4 Structure of the book; 2. Towards a framework for understanding community resilience; 2.1 Introduction 327 $a2.2 Conceptualizing community resilience at the intersection between economic, social and environmental capital2.3 Characteristics of resilient communities; 2.4 Community resilience and 'open' and 'closed' systems: geographical and socio-cultural boundaries of communities; 2.5 How can we measure the resilience of communities? Some methodological considerations; 2.6 Conclusions; 3. Transition theory: pathways of change and resilient communities; 3.1 Introduction; 3.2 Transition theory and community pathways 327 $a3.3 Environmental transitions at community level: from subsistence communities to relocalized pathways3.4 Conclusions; 4. Social memory: community learning, tradition, stakeholder networks and community resilience; 4.1 Introduction; 4.2 Social memory at local community level; 4.3 Social memory and community resilience; 4.4 Conclusions; 5. Path dependency: 'lock-in' mechanisms, power structures and pathways of the (im)possible at community level; 5.1 Introduction; 5.2 Understanding path dependency at community level; 5.3 Lock-in effects at community level 327 $a5.4 Endogenous path dependency at community level: examples from the developed and developing world5.5 Path dependency and transitional ruptures at community level: pathways of the (im)possible?; 5.6 Conclusions; 6. Transitional corridors: macro-structural influences and community resilience; 6.1 Introduction; 6.2 Transitional corridors; 6.3 Lock-in effects and transitional corridors; 6.4 Macro-level ruptures and transitional corridors; 6.5 Conclusions; 7. Community resilience and the policy challenge; 7.1 Introduction; 7.2 Transitional corridors and policy 327 $a7.3 Transitional corridors and policy challenges7.4 Policies for community resilience as a win-win situation or zero-sum game?; 7.5 Managing global resilience transitions; 7.6 Conclusions; 8. Conclusions; 8.1 Theoretical and conceptual considerations; 8.2 Opportunities for future research on community resilience; Notes; Bibliography; Index 330 $aThis book discusses the resilience of communities in both developed and developing world contexts. It investigates the notion of 'resilience' and the challenges faced by local communities around the world to deal with disturbances (natural hazards or human-made) that may threaten their long-term survival. Using global examples, specific emphasis is placed on how learning processes, traditions, policies and politics affect the resilience of communities and what constraints and opportunities exist for communities to raise resilience levels. 606 $aCommunity development 606 $aCommunity development$xEnvironmental aspects 606 $aSociology, Urban 606 $aSociology, Rural 606 $aSustainable development 606 $aDisasters$xSocial aspects 608 $aElectronic books. 615 0$aCommunity development. 615 0$aCommunity development$xEnvironmental aspects. 615 0$aSociology, Urban. 615 0$aSociology, Rural. 615 0$aSustainable development. 615 0$aDisasters$xSocial aspects. 676 $a307.1/401 700 $aWilson$b G. A$g(Geoffrey Alan),$f1961-,$0246819 801 0$bMiAaPQ 801 1$bMiAaPQ 801 2$bMiAaPQ 906 $aBOOK 912 $a9910457720603321 996 $aCommunity resilience and environmental transitions$92005176 997 $aUNINA LEADER 01967nas 2200565-a 450 001 996404445603316 005 20220125001812.0 035 $a(DE-599)ZDB2246757-9 035 $a(OCoLC)85448015 035 $a(CKB)991042732762646 035 $a(CONSER)--2021240889 035 $a(EXLCZ)99991042732762646 100 $a20070228a19979999 --- b 101 0 $aspa 135 $aurun||||||||| 181 $ctxt$2rdacontent 182 $cc$2rdamedia 183 $acr$2rdacarrier 200 10$aCaleidoscopio 210 $aAguascalientes, Ags. $cCentro de Artes y Humanidades de la Universidad Autónoma de Aguascalientes 210 2 $aAguascalientes, Ags. $cUniversidad Autónoma de Aguascalientes 210 31$aAguascalientes, Ags. :$cCentro de Ciencias Sociales y Humanidades de la Universidad Autónoma de Aguascalientes 215 $a1 online resource 300 $aRefereed/Peer-reviewed 311 $a1405-7107 531 0 $aCaleidoscopio 606 $aHumanities$vPeriodicals 606 $aSocial sciences$vPeriodicals 606 $aCivilization$2fast$3(OCoLC)fst00862898 606 $aHumanities$2fast$3(OCoLC)fst00963588 606 $aSocial sciences$2fast$3(OCoLC)fst01122877 607 $aMexico$xCivilization$vPeriodicals 607 $aMexico$vBook reviews$vPeriodicals 607 $aMexico$2fast 608 $aBook reviews.$2fast 608 $aPeriodicals.$2fast 608 $aPeriodicals.$2lcgft 615 0$aHumanities 615 0$aSocial sciences 615 7$aCivilization. 615 7$aHumanities. 615 7$aSocial sciences. 676 $a972/.005 712 02$aUniversidad Autónoma de Aguascalientes.$bCentro de Artes y Humanidades. 712 02$aUniversidad Autónoma de Aguascalientes. 712 02$aUniversidad Autónoma de Aguascalientes.$bCentro de Ciencias Sociales y Humanidades. 906 $aJOURNAL 912 $a996404445603316 996 $aCaleidoscopio$9796485 997 $aUNISA LEADER 02160nam 22003613a 450 001 9910832997203321 005 20231108184546.0 035 $a(CKB)5580000000514220 035 $a(ScCtBLL)5293199e-181b-485d-a691-52f3560bfd44 035 $a(EXLCZ)995580000000514220 100 $a20231108i20232022 uu 101 0 $aeng 135 $auru|||||||||| 181 $ctxt$2rdacontent 182 $cc$2rdamedia 183 $acr$2rdacarrier 200 04$aThe Modernist Anthropocene : $eNonhuman Life and Planetary Change in James Joyce, Virginia Woolf and Djuna Barnes /$fPeter Adkins 210 1$a[s.l.] :$cEdinburgh University Press,$d2023. 215 $a1 online resource 311 08$a9781474481991 311 08$a147448199X 330 $aThe Modernist Anthropocene examines how modernist writers forged new and innovative ways of responding to rapidly changing planetary conditions and emergent ideas about nonhuman life, environmental change and the human species. Drawing on ecocritical analysis, posthumanist theory, archival research and environmental history, this book resituates key works of modernist fiction within the ecological moment of the early twentieth century, a period in which new configurations of the relationship between human life and the natural world were migrating between the sciences, philosophy and literary culture. The author makes the case that the early twentieth century is pivotal in our understanding of the Anthropocene both as a planetary epoch and a critical concept. In doing so, he positions James Joyce, Djuna Barnes and Virginia Woolf as theorists of the modernist Anthropocene, showing how their oeuvres are shaped by, and actively respond to, changing ideas about the nonhuman that continue to reverberate today. 606 $aLiterary Criticism / American$2bisacsh 606 $aLiterature$xHistory and criticism 615 7$aLiterary Criticism / American 615 0$aLiterature$xHistory and criticism. 700 $aAdkins$b Peter$01273215 801 0$bScCtBLL 801 1$bScCtBLL 906 $aBOOK 912 $a9910832997203321 996 $aThe Modernist Anthropocene$92999981 997 $aUNINA